| 000 | 00350nam a22001457a 4500 | ||
|---|---|---|---|
| 020 | _a9789693509366 | ||
| 040 | _cNUST | ||
| 082 |
_a891.4393 _bBAN |
||
| 100 |
_aBano Qudsia _99437 |
||
| 245 | _aSamaan I Wajood | ||
| 260 |
_aLAHORE _bSang-E-Meel Publications _c2018 |
||
| 300 | _b206P | ||
| 650 | _2Urdu Literature-Short Stories | ||
| 942 |
_2ddc _cBK |
||
| 999 |
_c585902 _d585902 |
||